01083nam a2200229Ia 4500003000900000008004100009020001800050040001600068080002600084111011400110245029500224260004200519300002300561650001900584650002800603650004000631650003100671700002700702942000700729999001500736952010200751IN-BaIIA211028s9999 xx 000 0 eng d a90-277-0800-2 cIIA Library a621.391(082.1)bASP-2 aInternational Symposium on Solar-Terrestrial PhysicscPortovenere, La Spezia, Italyd1976 Aug 31-Sep 1199784 0aAspects of Signal processingbproceedings of the NATO Advanced Study institute on Aspects of Signal processing with Emphasiss on Underwater Acoustics pt. 1, held in Portovenere, La Spezia, Italy 30 August–11 Sept.ember 1976cedited by G. Tacconi  aDordrechtbD. Reidel Publishingc1977 a[various pagings.] aNASA thesaurus aSignal processing93537 aSurface acoustic Wave devices99785 aUnderwater Acoustics99786 aTacconi, G,, ed.99787 cBK c5634d5634 00104070aBANbBANcGENd1977-12-03l0o621.391(082.1)/ ASP-2p6304r2021-11-05w1977-12-03yBK